| 000 | 01012nam0a2200313 4500 | ||
|---|---|---|---|
| 001 | RU\NLR\BIBL_A\012655978 | ||
| 005 | 20250810074542.0 | ||
| 035 | _a(NLR Aleph) 012655978 | ||
| 090 |
_a13306295 _c13306295 |
||
| 100 | _a20211201d1943 m y0rusy50 ca | ||
| 101 | 0 | _aaze | |
| 102 | _aAZ | ||
| 105 | _ay z 000 y | ||
| 181 | 0 |
_ai _baxxe |
|
| 182 | 0 | _an | |
| 200 | 1 |
_aҜүн о ҝүн олсун ки _fСүлеjман Рүстәм |
|
| 203 |
_aТекст _bвизуальный _cнепосредственный |
||
| 210 |
_aБакы _cУшагҝәнҹнәшр _d1943 |
||
| 215 |
_a51, [1] c. _d20 |
||
| 541 | 1 |
_6z01790 _aНастанет день _zrus |
|
| 686 | 1 | _aШ6(2=Аз)7-5 | |
| 700 | 1 |
_aРүстәм _bС. _gСүлеjман _4070 |
|
| 790 | 1 |
_6z01541 _aРустам _bС. _f1906-1989 _gСулейман _4070 |
|
| 852 |
_aNLR _bОНЛ _jАзерб./2-2877 |
||
| 942 | _cBOOK | ||
| 945 | _aРоссийская национальная библиотека | ||
| 980 | _aBV | ||
| 980 | _aNB | ||